| Record ID | ia:phaedra00raci |
| Source | Internet Archive |
| Download MARC XML | https://archive.org/download/phaedra00raci/phaedra00raci_marc.xml |
| Download MARC binary | https://www.archive.org/download/phaedra00raci/phaedra00raci_meta.mrc |
LEADER: 00696cam 22002531 4500
001 59013086
003 DLC
005 20050706184704.0
008 760520s1959 nyu 000 0 eng
010 $a 59013086
035 $a(OCoLC)2185505
040 $aDLC$cCoDU$dOCl$dOCoLC$dDLC
041 1 $aengund
042 $apremarc
050 00 $aPQ1898.A3$bP8
082 $a842.4
100 1 $aRacine, Jean,$d1639-1699
240 00 $aPhèdre. English
245 10 $aPhaedra.$cTranslated and edited by Oreste F. Pucciani.
260 $aNew York,$bAppleton-Century-Crofts$c[c1959]
300 $a69 p.$c18 cm.
490 0 $aCrofts classics
504 $aBibliography: p. 69.
700 1 $aPucciani, Oreste F.$eed.